02222nam a2200337 a 4500008004100000020001800041050001500059100002100074245010500095250002400200260002900224260003600253300003500289650002300324650002600347650001600373650002500389650003300414700001900447995015500466995015500621995012500776995015500901995015501056999001701211952013401228952013401362952012001496952013401616952013401750190715s2002 ||||||||||||||||| || u a9783540420743 aQA 911 Fer aFerziger, Joel H10aComputational methods for fluid dynamics. (3rd revised edition)cBy Joel H. Ferziger ; Milovan Peric a3rd revised edition aStanfordbSpringerc2002 aStanfordbSpringer-Verlagc2002 axiv, 423 pages : illustrations aMECHANICS, APPLIED aHYDRAULIC ENGINEERING aENGINEERING aMATHEMATICAL PHYSICS 0aCOMPUTATIONAL FLUID DYNAMICS aPeric, Milovan aMAIN LIBRARY OPEN ACCESSD58.04e749424FCBU-MAIN LIBRARY (Kitwe)jQA 911 FerM3UAVAILABLEWJul 16, 2019y749424ZMain Library Open Access Collection aMAIN LIBRARY OPEN ACCESSD58.04e749423FCBU-MAIN LIBRARY (Kitwe)jQA 911 FerM4UAVAILABLEWJul 16, 2019y749423ZMain Library Open Access Collection aSHORT LOAN BOOKSe750069FCBU-MAIN LIBRARY (Kitwe)jQA 911 FerM5UAVAILABLEWDec 5, 2019y750069ZShort Loan Collection aMAIN LIBRARY OPEN ACCESSD58.04e749426FCBU-MAIN LIBRARY (Kitwe)jQA 911 FerM1UAVAILABLEWJul 16, 2019y749426ZMain Library Open Access Collection aMAIN LIBRARY OPEN ACCESSD58.04e749425FCBU-MAIN LIBRARY (Kitwe)jQA 911 FerM2UAVAILABLEWJul 16, 2019y749425ZMain Library Open Access Collection c79643d79643 00102lcc4070a001b001cMain Library Open Access Collectiond2023-06-29l0oQA 911 Ferp749424r2023-06-29t1w2023-06-29y002 00102lcc4070a001b001cMain Library Open Access Collectiond2023-06-29l0oQA 911 Ferp749423r2023-06-29t2w2023-06-29y002 00102lcc4070a001b001cShort Loan Collectiond2023-06-29l0oQA 911 Ferp750069r2023-06-29t3w2023-06-29y015 00102lcc4070a001b001cMain Library Open Access Collectiond2023-06-29l0oQA 911 Ferp749426r2023-06-29t4w2023-06-29y002 00102lcc4070a001b001cMain Library Open Access Collectiond2023-06-29l0oQA 911 Ferp749425r2023-06-29t5w2023-06-29y002